000 00206 a2200097 4500
020 _a078073003990
041 _aeng
100 _aBagglio M, Ben
245 _aDolphin Diaries, Touching the waves
942 _cBK
999 _c31402
_d31400